| Tag |
First Indicator |
Second Indicator |
Subfields |
| LEADER |
00000cam a2200000 4500 |
| 001 |
in00000048396 |
| 005 |
20151007071600.0 |
| 008 |
730213s1960 enka 00010 eng u |
| 010 |
|
|
|a 61066762
|
| 035 |
|
|
|a (OCoLC)00557726
|
| 035 |
|
|
|9 AAE6246AM
|
| 040 |
|
|
|c WSU
|d TXA
|d UtOrBLW
|
| 049 |
|
|
|a TXAM
|c [350785]
|
| 050 |
|
0 |
|a QK891
|b .S88 1960
|
| 092 |
|
|
|a 581.12
|b S856r, 1960
|
| 100 |
1 |
|
|a Stiles, Walter,
|d 1886-1966.
|
| 245 |
1 |
0 |
|a Respiration in plants /
|c [by] Walter Stiles and William Leach.
|
| 250 |
|
|
|a [4th ed. rev.].
|
| 264 |
|
1 |
|a London :
|b Methuen;
|a New York :
|b Wiley,
|c [1960]
|
| 300 |
|
|
|a 226 pages :
|b illustrations ;
|c 17 cm.
|
| 336 |
|
|
|a text
|b txt
|2 rdacontent
|
| 337 |
|
|
|a unmediated
|b n
|2 rdamedia
|
| 338 |
|
|
|a volume
|b nc
|2 rdacarrier
|
| 490 |
1 |
|
|a Methuen's monographs on biological subjects
|
| 650 |
|
0 |
|a Plants
|x Respiration.
|
| 700 |
1 |
|
|a Leach, William,
|d 1870-
|
| 830 |
|
0 |
|a Methuen's monographs on biological subjects.
|
| 999 |
|
|
|a MARS
|
| 999 |
f |
f |
|s 30dca0aa-5d75-3916-9eae-cd34fd6d17a4
|i 31de34be-7eb5-39d9-9578-ba596e35c2cc
|t 0
|
| 952 |
f |
f |
|p ric
|a Texas A&M University
|b Rellis Campus
|c Joint Library Facility
|d Remote Storage
|t 0
|e QK891 .S88 1960
|h Library of Congress classification
|i unmediated -- volume
|m A14800987047
|
| 998 |
f |
f |
|a QK891 .S88 1960
|t 0
|l Remote Storage
|